[Event "III Festival Magistrale"]
[Site "Catania ITA"]
[Date "1991.08.??"]
[Round "?"]
[White "Giocastro, Andrea"]
[Black "Cappellani, Vincenzo"]
[WhiteElo "2040"]
[BlackElo "2105"]
[Result "0-1"]
[PlyCount "77"]
[EventDate "1991.08.03"]

1. Nf3 Nf6 2. c4 g6 3. Nc3 Bg7 4. g3 O-O 5. Bg2 c6 6. O-O d6 7. Rb1 Qa5 8. h3
c5 9. d3 Nc6 10. Bd2 Qd8 11. a3 Bd7 12. b4 b6 13. Kh1 Rc8 14. b5 Na5 15. e4 h6
16. Qe1 Kh7 17. Ng1 Ng8 18. Nd5 e6 19. Ne3 f5 20. f4 Be8 21. Ne2 Nf6 22. Bc3
Bd7 23. Qd2 Be8 24. Rbe1 Rf7 25. exf5 gxf5 26. g4 fxg4 27. hxg4 Rf8 28. Rf3 Bg6
29. Rh3 Kg8 30. f5 exf5 31. gxf5 Bh7 32. Nf4 Qd7 33. Ne6 Rf7 34. Rg3 Qe7 35.
Bh3 Nh5 36. Rg2 Kh8 37. Nxg7 Nxg7 38. f6 Qc7 39. fxg7+ 0-1

[Event "III Festival Magistrale"]
[Site "Catania ITA"]
[Date "1991.08.??"]
[Round "?"]
[White "Giocastro, Andrea"]
[Black "Lagumina, Giulio"]
[WhiteElo "2040"]
[BlackElo "2265"]
[Result "1/2-1/2"]
[PlyCount "30"]
[EventDate "1991.08.03"]

1. d4 d5 2. Nf3 Nf6 3. Bg5 e6 4. Nbd2 Be7 5. e3 b6 6. Bb5+ c6 7. Bd3 Bb7 8. Ne5
Nbd7 9. f4 Nxe5 10. fxe5 Nd7 11. Bxe7 Qxe7 12. O-O f5 13. c4 O-O 14. cxd5 cxd5
15. a3 Rfc8 1/2-1/2

[Event "III Festival Magistrale"]
[Site "Catania ITA"]
[Date "1991.08.??"]
[Round "?"]
[White "Godena, Michele"]
[Black "Fabiano, Giuseppe"]
[WhiteElo "2415"]
[BlackElo "2270"]
[Result "1-0"]
[PlyCount "75"]
[EventDate "1991.08.03"]

1. e4 Nf6 2. e5 Nd5 3. d4 d6 4. Nf3 g6 5. c4 Nb6 6. exd6 cxd6 7. Nc3 Bg7 8. Be2
Nc6 9. h3 O-O 10. O-O Bf5 11. Bg5 h6 12. Be3 d5 13. b3 Be4 14. c5 Nc8 15. Ne5
Nxe5 16. dxe5 Qc7 17. Nxe4 dxe4 18. e6 f5 19. Qd7 Qe5 20. Rad1 f4 21. Bd4 Qg5
22. Rfe1 Bxd4 23. Qxd4 f3 24. Bf1 b6 25. Qxe4 Rb8 26. Qe5 Qxe5 27. Rxe5 bxc5
28. Rxc5 Nd6 29. Rc7 fxg2 30. Bxg2 Nf5 31. Rxa7 Rbc8 32. a4 Kg7 33. a5 Kf6 34.
a6 Kxe6 35. Rb7 Nh4 36. Bd5+ Kd6 37. Rb4 e6 38. Bb7+ 1-0

[Event "III Festival Magistrale"]
[Site "Catania ITA"]
[Date "1991.08.??"]
[Round "?"]
[White "Gueci, Riccardo"]
[Black "Agnello, Giuseppe"]
[WhiteElo "2240"]
[BlackElo "1995"]
[Result "0-1"]
[PlyCount "78"]
[EventDate "1991.08.03"]

1. e4 c5 2. b3 d6 3. Bb2 Nf6 4. Nc3 Nc6 5. f4 g6 6. Nd5 Bg7 7. Nxf6+ Bxf6 8.
Bxf6 exf6 9. Bb5 O-O 10. Bxc6 bxc6 11. Ne2 Re8 12. d3 f5 13. O-O fxe4 14. dxe4
Rxe4 15. Ng3 Re8 16. f5 d5 17. Qd2 Ba6 18. Rf2 Qe7 19. f6 Qe3 20. Qa5 Bc8 21.
Qc7 Qe5 22. Qxe5 Rxe5 23. Rf4 d4 24. Kf2 Ba6 25. Re4 Rae8 26. Rae1 Rxe4 27.
Rxe4 Rxe4 28. Nxe4 c4 29. Nc5 cxb3 30. axb3 Bc8 31. Kf3 Bf5 32. Nd3 g5 33. g4
Bg6 34. h4 gxh4 35. Kf4 h6 36. Kf3 Bxd3 37. cxd3 Kh7 38. Kg2 Kg6 39. b4 a6 0-1

[Event "III Festival Magistrale"]
[Site "Catania ITA"]
[Date "1991.08.??"]
[Round "?"]
[White "Gueci, Riccardo"]
[Black "Auletta, Angelo"]
[WhiteElo "2240"]
[BlackElo "1900"]
[Result "1/2-1/2"]
[PlyCount "89"]
[EventDate "1991.08.03"]

1. e4 c5 2. d4 cxd4 3. c3 d5 4. exd5 Qxd5 5. Nf3 Bg4 6. Be2 Nc6 7. O-O d3 8. h3
Bh5 9. c4 Qd7 10. Bxd3 Bxf3 11. Qxf3 Ne5 12. Qf5 Qxf5 13. Bxf5 Nxc4 14. Nc3 e6
15. Be4 O-O-O 16. b3 Nd2 17. Bxb7+ Kxb7 18. Rd1 Bb4 19. Bxd2 Rxd2 20. Rxd2 Bxc3
21. Rd7+ Kc6 22. Rad1 Nf6 23. Rxf7 Nd5 24. Rxa7 Rf8 25. Ra6+ Kd7 26. Ra7+ Kc6
27. Rc1 Kd6 28. Ra6+ Ke5 29. Rc6 Bb4 30. R1c2 Re8 31. Re2+ Kf5 32. g3 h5 33. h4
e5 34. f3 Bc3 35. Rd6 Bd4+ 36. Kg2 Ne3+ 37. Kh3 Rc8 38. f4 Ke4 39. fxe5 Bxe5
40. Re6 Rc3 41. Re8 g6 42. Rg8 Kf3 43. Rxe3+ Rxe3 44. Rxg6 Kf2 45. Rg5 1/2-1/2

[Event "III Festival Magistrale"]
[Site "Catania ITA"]
[Date "1991.08.??"]
[Round "?"]
[White "Gueci, Riccardo"]
[Black "Gallitto, Salvatore"]
[WhiteElo "2240"]
[BlackElo "1835"]
[Result "1-0"]
[PlyCount "67"]
[EventDate "1991.08.03"]

1. e4 d6 2. d4 Nf6 3. f3 c5 4. d5 e6 5. c4 b5 6. cxb5 a6 7. Nc3 g6 8. Bf4 Nh5
9. Be3 Bg7 10. Qd2 axb5 11. Bxb5+ Bd7 12. Bxd7+ Qxd7 13. Nge2 Na6 14. O-O Nc7
15. Bh6 exd5 16. Bxg7 Nxg7 17. Nxd5 Nxd5 18. Qxd5 O-O 19. Nc3 Ra7 20. Rfd1 Rd8
21. e5 Nf5 22. Ne4 Qe7 23. exd6 Qh4 24. Qxc5 Rad7 25. g3 Qh3 26. Nf6+ Kg7 27.
Nxd7 Rxd7 28. Rac1 Kh6 29. Qe5 f6 30. Qxf6 Rf7 31. Qxf7 Kg5 32. d7 Nxg3 33.
d8=Q+ Kh6 34. Qd2+ 1-0

[Event "III Festival Magistrale"]
[Site "Catania ITA"]
[Date "1991.08.??"]
[Round "?"]
[White "Gueci, Riccardo"]
[Black "Saric, Natasa"]
[WhiteElo "2240"]
[BlackElo "2075"]
[Result "0-1"]
[PlyCount "137"]
[EventDate "1991.08.03"]

1. e4 e6 2. d4 d5 3. Nc3 Nf6 4. Bg5 Bb4 5. exd5 exd5 6. Bd3 O-O 7. Nge2 c6 8.
O-O Bg4 9. Qd2 Nbd7 10. Ng3 Qc7 11. h3 Be6 12. Rae1 Bd6 13. Nf5 Bxf5 14. Bxf5
Rfe8 15. Nd1 Ne4 16. Bxe4 dxe4 17. Ne3 Bf4 18. Bh4 Re6 19. Qc3 g5 20. d5 Rg6
21. Nf5 Nf6 22. Bg3 Nxd5 23. Qd4 Nf6 24. Rd1 Re8 25. Rfe1 Qc8 26. Qc5 Qc7 27.
Re2 Nh5 28. Qd4 Bxg3 29. Nxg3 Nxg3 30. fxg3 Qxg3 31. Rxe4 Rxe4 32. Qxe4 Re6 33.
Qb4 Qc7 34. Qg4 h6 35. h4 Rg6 36. h5 Rf6 37. Qe4 Rf4 38. Qe8+ Kg7 39. Qe3 Rh4
40. Qc3+ Kg8 41. g3 Re4 42. b3 Qe7 43. Qa5 b6 44. Qc3 c5 45. a4 Re3 46. Rd8+
Qe8 47. Qxe3 Qxd8 48. Kf1 Qd1+ 49. Kf2 Qxc2+ 50. Ke1 Qf5 51. Kd2 Qe6 52. Qd3
Qf6 53. Kc2 Qf2+ 54. Kb1 Qd4 55. Qf3 Kg7 56. Ka2 c4 57. bxc4 Qxc4+ 58. Ka3 a5
59. g4 Qb4+ 60. Ka2 Qxa4+ 61. Kb2 Qb4+ 62. Ka2 a4 63. Qf5 Qc5 64. Qd7 b5 65.
Ka1 a3 66. Ka2 b4 67. Qd2 Qc4+ 68. Kb1 Qb3+ 69. Ka1 0-1

[Event "III Festival Magistrale"]
[Site "Catania ITA"]
[Date "1991.08.??"]
[Round "?"]
[White "Kennaugh, Charles W."]
[Black "Lagumina, Giulio"]
[WhiteElo "2335"]
[BlackElo "2265"]
[Result "1-0"]
[PlyCount "59"]
[EventDate "1991.08.03"]

1. e4 e5 2. f4 exf4 3. Nf3 d6 4. d4 g5 5. h4 g4 6. Ng1 f3 7. Bg5 Be7 8. Bxe7
Qxe7 9. Nc3 Nf6 10. gxf3 gxf3 11. Qxf3 Bg4 12. Qf4 Nc6 13. Be2 Rg8 14. O-O-O
O-O-O 15. Rf1 Bxe2 16. Ngxe2 Ng4 17. Nd5 Qd7 18. Qxf7 Qxf7 19. Rxf7 Rd7 20.
Rhf1 Rg7 21. Rxg7 Rxg7 22. Rg1 Rg8 23. Kd2 Nh6 24. Rxg8+ Nxg8 25. Ke3 Kd7 26.
Kf4 Nd8 27. Kf5 Ne7+ 28. Kf6 Ng6 29. h5 Nf8 30. Ndf4 1-0

[Event "III Festival Magistrale"]
[Site "Catania ITA"]
[Date "1991.08.??"]
[Round "?"]
[White "Kennaugh, Charles W."]
[Black "Miljanic, Boro"]
[WhiteElo "2335"]
[BlackElo "2420"]
[Result "0-1"]
[PlyCount "48"]
[EventDate "1991.08.03"]

1. e4 e6 2. d4 d5 3. Nc3 Nf6 4. e5 Nfd7 5. f4 c5 6. Nf3 Nc6 7. Be3 a6 8. Qd2 b5
9. dxc5 b4 10. Na4 Qa5 11. Nb6 Rb8 12. Bd3 Bxc5 13. Nxd7 Bxd7 14. Bxc5 Qxc5 15.
Bxa6 O-O 16. Qf2 Qxf2+ 17. Kxf2 f6 18. exf6 Rxf6 19. Ke3 Rbf8 20. g3 e5 21.
Rae1 exf4+ 22. gxf4 Rxf4 23. Nd2 Ne5 24. h3 Bxh3 0-1

[Event "III Festival Magistrale"]
[Site "Catania ITA"]
[Date "1991.08.??"]
[Round "?"]
[White "Kislov, Mikhail"]
[Black "Genovese, Maurizio"]
[WhiteElo "2425"]
[BlackElo "2180"]
[Result "1-0"]
[PlyCount "67"]
[EventDate "1991.08.03"]

1. e4 d6 2. d4 Nf6 3. Nc3 c6 4. Bg5 Qa5 5. Qd2 Nbd7 6. Nge2 e5 7. f3 Be7 8. h4
b5 9. Nc1 b4 10. N3e2 d5 11. Nb3 Qc7 12. exd5 cxd5 13. dxe5 Nxe5 14. Nf4 Nc4
15. Qe2 O-O 16. O-O-O Bf5 17. Rxd5 Ne3 18. Rd2 Rac8 19. Nd4 b3 20. axb3 Qa5 21.
Qa6 Qe5 22. Bc4 Rc5 23. Nxf5 Ra5 24. Nxe7+ Kh8 25. Kb1 Rxa6 26. Bxa6 Qxe7 27.
Rd3 Qc5 28. Rxe3 h6 29. Nd3 Qb6 30. Bc4 hxg5 31. hxg5+ Kg8 32. Re7 Nh7 33. f4
g6 34. Ne5 1-0

[Event "III Festival Magistrale"]
[Site "Catania ITA"]
[Date "1991.08.??"]
[Round "?"]
[White "Lagumina, Giulio"]
[Black "Auletta, Angelo"]
[WhiteElo "2265"]
[BlackElo "1900"]
[Result "1-0"]
[PlyCount "53"]
[EventDate "1991.08.03"]

1. e4 c5 2. Nf3 e6 3. d4 cxd4 4. Nxd4 Nf6 5. Nc3 d6 6. g4 Nc6 7. g5 Nd7 8. Be3
a6 9. h4 Be7 10. Bc4 Nde5 11. Bb3 O-O 12. Qe2 b5 13. O-O-O Qc7 14. f4 Nxd4 15.
Bxd4 Nc4 16. f5 f6 17. Rdg1 d5 18. fxe6 Qf4+ 19. Kb1 Nd2+ 20. Ka1 Nxb3+ 21.
axb3 Bb7 22. Rf1 Qd6 23. gxf6 Bxf6 24. Bxf6 gxf6 25. Rhg1+ Kh8 26. exd5 Bxd5
27. Rd1 1-0

[Event "III Festival Magistrale"]
[Site "Catania ITA"]
[Date "1991.08.??"]
[Round "?"]
[White "Lagumina, Giulio"]
[Black "Kosten, Anthony C."]
[WhiteElo "2265"]
[BlackElo "2535"]
[Result "0-1"]
[PlyCount "54"]
[EventDate "1991.08.03"]

1. e4 e5 2. f4 exf4 3. Bc4 d5 4. exd5 Bd6 5. Nc3 Ne7 6. Qf3 O-O 7. Nge2 Ng6 8.
d4 Qh4+ 9. Qf2 Qxf2+ 10. Kxf2 Bf5 11. Bb3 Na6 12. Bd2 c6 13. Rhf1 Nb4 14. dxc6
Nxc6 15. Nd5 Rfe8 16. c3 Re4 17. Rae1 Rae8 18. Ng1 Nce5 19. dxe5 Bc5+ 20. Be3
fxe3+ 21. Ke2 R4xe5 22. Rd1 Bg4+ 23. Nf3 Rxd5 24. Rxd5 Nf4+ 25. Ke1 Nxg2+ 26.
Ke2 Nf4+ 27. Ke1 e2 0-1

[Event "III Festival Magistrale"]
[Site "Catania ITA"]
[Date "1991.08.??"]
[Round "?"]
[White "Lagumina, Giulio"]
[Black "Vukovic, Zdravko"]
[WhiteElo "2265"]
[BlackElo "2400"]
[Result "1/2-1/2"]
[PlyCount "122"]
[EventDate "1991.08.03"]

1. e4 c5 2. Nf3 Nc6 3. d4 cxd4 4. Nxd4 Nf6 5. Nc3 d6 6. Bc4 Qb6 7. Nxc6 bxc6 8.
O-O e5 9. Bg5 Qc5 10. Qd3 Be7 11. Rad1 O-O 12. Kh1 Bg4 13. Rd2 Rad8 14. Be3 Qa5
15. f4 exf4 16. Bxf4 Bh5 17. Bb3 Bg6 18. Rfd1 d5 19. Qg3 Nxe4 20. Nxe4 dxe4 21.
Rd7 Qf5 22. Rxd8 Rxd8 23. Rxd8+ Bxd8 24. h3 h5 25. Be3 Bf6 26. c3 a5 27. Qf2
Qxf2 28. Bxf2 Bg5 29. Bb6 e3 30. Bc4 a4 31. Kg1 h4 32. b3 axb3 33. axb3 Kf8 34.
Kf1 Be4 35. Be2 Ke7 36. Bf3 Bd3+ 37. Ke1 Kd6 38. b4 f5 39. Bc5+ Kd7 40. Be2 Be4
41. Bf3 Bc2 42. c4 Bb3 43. b5 Bxc4 44. Bxc6+ Kc7 45. Bd4 Bf4 46. Bf3 Bxb5 47.
Bxg7 Bg3+ 48. Kd1 Bf1 49. Bd4 e2+ 50. Bxe2 Bxg2 51. Kd2 Bxh3 52. Bf3 Bf1 53.
Ke3 Kd6 54. Be2 Bg2 55. Bf3 f4+ 56. Ke4 Bxf3+ 57. Kxf3 h3 58. Ba7 Kd5 59. Bb8
h2 60. Kg2 f3+ 61. Kh1 Bxb8 1/2-1/2

[Event "III Festival Magistrale"]
[Site "Catania ITA"]
[Date "1991.08.??"]
[Round "?"]
[White "Laketic, Gojko"]
[Black "Marinelli, Tullio"]
[WhiteElo "2440"]
[BlackElo "2365"]
[Result "1-0"]
[PlyCount "69"]
[EventDate "1991.08.03"]

1. d4 Nf6 2. Nf3 b6 3. Bg5 Ne4 4. Bh4 d5 5. e3 g6 6. c4 Bg7 7. Qa4+ c6 8. cxd5
Qxd5 9. Nc3 Nxc3 10. bxc3 Bg4 11. Be2 Qd7 12. h3 Be6 13. O-O O-O 14. e4 Re8 15.
Rad1 Qb7 16. c4 Na6 17. Ng5 Bd7 18. c5 b5 19. Qb3 Rf8 20. Bc4 Be8 21. e5 Rb8
22. Be2 h6 23. Ne4 Bd7 24. Bg4 Bxg4 25. hxg4 Qd7 26. Qh3 g5 27. Bxg5 hxg5 28.
Nxg5 Rfd8 29. e6 Qd5 30. exf7+ Kf8 31. Qh7 e6 32. Qg8+ Ke7 33. f8=Q+ Rxf8 34.
Qxg7+ Ke8 35. Rfe1 1-0

[Event "III Festival Magistrale"]
[Site "Catania ITA"]
[Date "1991.08.??"]
[Round "?"]
[White "Ljubisavljevic, Zivojin Z."]
[Black "Agnello, Giuseppe"]
[WhiteElo "2280"]
[BlackElo "1995"]
[Result "0-1"]
[PlyCount "48"]
[EventDate "1991.08.03"]

1. d4 Nf6 2. c4 g6 3. Nc3 Bg7 4. e4 d6 5. f3 O-O 6. Be3 e5 7. d5 c6 8. Qd2 Na6
9. Bd3 cxd5 10. cxd5 Nc7 11. Nge2 Bd7 12. O-O Nfe8 13. a4 f5 14. b4 f4 15. Bf2
g5 16. Kh1 h5 17. b5 g4 18. Qe1 Rf7 19. Bh4 Bf6 20. Bxf6 Qxf6 21. Rc1 Rg7 22.
Qf2 g3 23. Qg1 Qh4 24. a5 Bh3 0-1

[Event "III Festival Magistrale"]
[Site "Catania ITA"]
[Date "1991.08.??"]
[Round "?"]
[White "Marino Bravo, Marco Antonio"]
[Black "Stassi, Emilio"]
[WhiteElo "1985"]
[BlackElo "2110"]
[Result "0-1"]
[PlyCount "38"]
[EventDate "1991.08.03"]

1. e4 c5 2. Nf3 e6 3. d4 cxd4 4. Nxd4 Nf6 5. Bd3 d6 6. O-O e5 7. Nb3 Be7 8. a4
O-O 9. Re1 Be6 10. c3 Nc6 11. Bg5 Qb6 12. N1d2 Ng4 13. Be3 Nxe3 14. Rxe3 Bg5
15. a5 Nxa5 16. Nxa5 Bxe3 17. Nac4 Bxf2+ 18. Kf1 Qc5 19. Ra5 b5 0-1

[Event "III Festival Magistrale"]
[Site "Catania ITA"]
[Date "1991.08.??"]
[Round "?"]
[White "Mohr, Georg"]
[Black "Genovese, Maurizio"]
[WhiteElo "2465"]
[BlackElo "2180"]
[Result "1-0"]
[PlyCount "59"]
[EventDate "1991.08.03"]

1. e4 d6 2. d4 Nf6 3. Nc3 c6 4. a4 Qa5 5. Bd3 e5 6. Nge2 Be7 7. O-O O-O 8. Bd2
Qc7 9. f4 exd4 10. Nxd4 Qb6 11. Nce2 c5 12. a5 Qc7 13. Nb5 Qc6 14. c4 Nbd7 15.
Nec3 Re8 16. Nd5 Bd8 17. Qf3 a6 18. Nbc3 Nf8 19. Bc2 Bd7 20. Rae1 Ne6 21. e5
Nd4 22. Nxf6+ Bxf6 23. Bxh7+ Kxh7 24. Qh5+ Kg8 25. exf6 gxf6 26. Nd5 Kg7 27.
Nxf6 Rh8 28. Qg5+ Kf8 29. f5 d5 30. Qh6+ 1-0

[Event "III Festival Magistrale"]
[Site "Catania ITA"]
[Date "1991.08.??"]
[Round "?"]
[White "Ortega, Lexy"]
[Black "Cappellani, Vincenzo"]
[WhiteElo "2410"]
[BlackElo "2105"]
[Result "1/2-1/2"]
[PlyCount "48"]
[EventDate "1991.08.03"]

1. Nf3 Nf6 2. c4 g6 3. d4 Bg7 4. g3 O-O 5. Bg2 c6 6. O-O d5 7. Qb3 Qb6 8. Nc3
Qxb3 9. axb3 Nbd7 10. cxd5 Nxd5 11. Nxd5 cxd5 12. Bd2 e5 13. dxe5 Nxe5 14. Nxe5
Bxe5 15. Bc3 d4 16. Bb4 Rd8 17. Rfd1 Be6 18. Rd3 Rd7 19. Bc5 Rc8 20. Bxa7 Rc2
21. f4 Bf6 22. e3 dxe3 23. Rxd7 Bxd7 24. Bxe3 Rxb2 1/2-1/2

[Event "III Festival Magistrale"]
[Site "Catania ITA"]
[Date "1991.08.??"]
[Round "?"]
[White "Ricci, Marco"]
[Black "Gueci, Riccardo"]
[WhiteElo "2015"]
[BlackElo "2240"]
[Result "1-0"]
[PlyCount "95"]
[EventDate "1991.08.03"]

1. e4 c5 2. Nf3 Nc6 3. d4 cxd4 4. Nxd4 Nf6 5. Nc3 e5 6. Ndb5 d6 7. Bg5 a6 8.
Na3 b5 9. Bxf6 gxf6 10. Nd5 Bg7 11. c3 Ne7 12. Nc2 f5 13. exf5 Bxf5 14. Nxe7
Qxe7 15. Qf3 Bxc2 16. Qxa8+ Qd8 17. Qxa6 O-O 18. Bxb5 Qc7 19. Bd3 Bxd3 20. Qxd3
Qb7 21. O-O-O Rb8 22. Qc2 d5 23. Kb1 d4 24. cxd4 exd4 25. Rd3 Rc8 26. Qd1 Qe4
27. Ka1 Kh8 28. f3 Qc6 29. Re1 Qb6 30. a3 Bh6 31. Qb3 Qf6 32. Red1 Rd8 33. g3
Bg7 34. f4 Qh6 35. Qc2 Qh3 36. Qc7 Rc8 37. Qxf7 Qxh2 38. Qb3 Qh3 39. Kb1 Qf5
40. Ka1 Qc5 41. g4 Qd6 42. f5 Qh2 43. Rh3 Qg2 44. Rdh1 h6 45. Rxh6+ Bxh6 46.
Rxh6+ Kg7 47. Rg6+ Kh8 48. Qf7 1-0

[Event "III Festival Magistrale"]
[Site "Catania ITA"]
[Date "1991.08.??"]
[Round "?"]
[White "Saric, Natasa"]
[Black "Fabiano, Giuseppe"]
[WhiteElo "2075"]
[BlackElo "2270"]
[Result "1/2-1/2"]
[PlyCount "114"]
[EventDate "1991.08.03"]

1. e4 c5 2. b3 Nc6 3. Bb2 e5 4. Nf3 d6 5. Bb5 Nge7 6. O-O a6 7. Bxc6+ Nxc6 8.
h3 g6 9. c3 Bg7 10. Na3 O-O 11. Nc4 f5 12. d3 g5 13. exf5 Bxf5 14. Nh2 Qe8 15.
Ne3 Be6 16. Qe2 Qg6 17. Rad1 Rae8 18. f3 b5 19. Nhg4 b4 20. c4 Nd4 21. Qd2 h5
22. Nf2 Bh6 23. Qe1 Bd7 24. Ne4 g4 25. hxg4 Bxe3+ 26. Qxe3 hxg4 27. Bxd4 exd4
28. Qg5 Qxg5 29. Nxg5 gxf3 30. gxf3 Re3 31. Ne4 Rfxf3 32. Rxf3 Rxf3 33. Nxd6
Bc6 34. Rd2 Rf6 35. Nc8 Bb7 36. Ne7+ Kf7 37. Re2 Re6 38. Rxe6 Kxe6 39. Ng6 Kf5
40. Ne7+ Kf6 41. Nd5+ Bxd5 42. cxd5 Ke5 43. Kf2 Kxd5 44. Kf3 Ke5 45. Kg3 a5 46.
Kf3 Kf5 47. Kg3 Ke5 48. Kf3 Kd6 49. Ke4 Ke6 50. Kf4 Kf6 51. Ke4 Ke6 52. Kf4 Kd6
53. Ke4 Ke6 54. Kf4 Kf6 55. Kg4 Ke5 56. Kf3 Kf5 57. Kg3 Kg5 1/2-1/2

[Event "III Festival Magistrale"]
[Site "Catania ITA"]
[Date "1991.08.??"]
[Round "?"]
[White "Saric, Natasa"]
[Black "Lagumina, Giulio"]
[WhiteElo "2075"]
[BlackElo "2265"]
[Result "0-1"]
[PlyCount "44"]
[EventDate "1991.08.03"]

1. e4 e5 2. Nf3 Nc6 3. d4 exd4 4. Bc4 Nf6 5. e5 d5 6. Bb5 Ne4 7. Nxd4 Bc5 8.
Be3 Bd7 9. Bxc6 bxc6 10. O-O O-O 11. f3 Ng5 12. f4 Ne4 13. Nd2 Qe7 14. Nxe4
dxe4 15. Qe2 f6 16. Nb3 Bxe3+ 17. Qxe3 fxe5 18. Qxe4 Rae8 19. Rae1 Qh4 20. fxe5
Rxf1+ 21. Kxf1 Rf8+ 22. Ke2 Qxe4+ 0-1

[Event "III Festival Magistrale"]
[Site "Catania ITA"]
[Date "1991.08.??"]
[Round "?"]
[White "Singer, Christof"]
[Black "Cappellani, Vincenzo"]
[WhiteElo "2285"]
[BlackElo "2105"]
[Result "1-0"]
[PlyCount "115"]
[EventDate "1991.08.03"]

1. e4 c5 2. Nf3 d6 3. d4 cxd4 4. Qxd4 Nc6 5. Bb5 Bd7 6. Bxc6 Bxc6 7. Nc3 Nf6 8.
Bg5 e6 9. O-O-O Be7 10. Kb1 O-O 11. Rhe1 b5 12. Bxf6 gxf6 13. Qe3 Re8 14. Nd4
Qb6 15. Rd3 Bf8 16. Ndxb5 Qxe3 17. Rexe3 Red8 18. Rd1 Rab8 19. Nxa7 Bd7 20. a4
Rb6 21. Nab5 Rdb8 22. b3 Rc8 23. Nd4 Rc5 24. Ncb5 e5 25. Nf5 d5 26. c4 d4 27.
Rf3 Rc8 28. g4 h6 29. Rh3 Kh7 30. Kc2 Ra6 31. Rc1 Bxb5 32. axb5 Ra2+ 33. Kd3
Rb2 34. Rf3 Rxb3+ 35. Ke2 Rxb5 36. cxb5 Rxc1 37. Rb3 Rc7 38. b6 Rb7 39. Rb5 Kg6
40. h4 h5 41. f3 Bh6 42. Nd6 Rb8 43. b7 Bf8 44. Nc8 Ba3 45. Na7 Bd6 46. Nc6 Rh8
47. b8=Q Bxb8 48. Rxb8 Rh6 49. Ne7+ Kh7 50. Nf5 Rg6 51. gxh5 Rg2+ 52. Kd3 Rf2
53. Rf8 Rxf3+ 54. Kc4 Rf4 55. Rxf7+ Kg8 56. Rg7+ Kh8 57. h6 Rxe4 58. Nd6 1-0

[Event "III Festival Magistrale"]
[Site "Catania ITA"]
[Date "1991.08.??"]
[Round "?"]
[White "Stassi, Emilio"]
[Black "Geller, Arpad"]
[WhiteElo "2110"]
[BlackElo "2285"]
[Result "0-1"]
[PlyCount "70"]
[EventDate "1991.08.03"]

1. d4 Nf6 2. c4 g6 3. g3 Bg7 4. Bg2 O-O 5. Nf3 d6 6. O-O Nbd7 7. Nc3 e5 8. e4
exd4 9. Nxd4 Re8 10. Re1 Nc5 11. h3 Bd7 12. Nb3 Na4 13. Nxa4 Bxa4 14. Qd3 Nd7
15. Rb1 Qf6 16. Bd2 Ne5 17. Qe2 Bd7 18. Bc3 Qe6 19. c5 a6 20. Nd4 Qxa2 21. cxd6
cxd6 22. Rbd1 Rad8 23. Kh2 Nc6 24. Nxc6 Bxc6 25. Bxg7 Kxg7 26. Qc2 Qe6 27. Qc3+
Qe5 28. Rd4 Qf6 29. f4 Re6 30. h4 Rde8 31. Re3 Kg8 32. Re1 Qe7 33. f5 Bxe4 34.
fxg6 hxg6 35. Qd2 d5 0-1

[Event "III Festival Magistrale"]
[Site "Catania ITA"]
[Date "1991.08.??"]
[Round "?"]
[White "Stassi, Emilio"]
[Black "Genovese, Maurizio"]
[WhiteElo "2110"]
[BlackElo "2180"]
[Result "0-1"]
[PlyCount "68"]
[EventDate "1991.08.03"]

1. d4 d5 2. c4 e6 3. Nc3 Nf6 4. Bg5 Nbd7 5. Nf3 h6 6. Bh4 Bb4 7. e3 c5 8. cxd5
exd5 9. Bd3 c4 10. Bc2 Qa5 11. O-O Bxc3 12. bxc3 Qxc3 13. Qe2 O-O 14. Rac1 Qa3
15. Nd2 Re8 16. e4 c3 17. Nb1 Qb4 18. Qd3 dxe4 19. Qxc3 Nd5 20. Qxb4 Nxb4 21.
Ba4 Nxa2 22. Rxc8 Rexc8 23. Bxd7 Rc4 24. Rd1 g5 25. Na3 Rc7 26. Bf5 gxh4 27.
Nb5 Re7 28. Kf1 a6 29. Nd6 Nc3 30. Rc1 Rd8 31. Nc4 Rxd4 32. Ne3 Nd5 33. Rc8+
Kg7 34. Nc2 Ra4 0-1

[Event "III Festival Magistrale"]
[Site "Catania ITA"]
[Date "1991.08.??"]
[Round "?"]
[White "Vrbata, Zbynek"]
[Black "Agnello, Giuseppe"]
[WhiteElo "2325"]
[BlackElo "1995"]
[Result "1/2-1/2"]
[PlyCount "36"]
[EventDate "1991.08.03"]

1. d4 Nf6 2. c4 g6 3. Nc3 Bg7 4. e4 d6 5. f3 O-O 6. Be3 e5 7. d5 c6 8. Nge2 Na6
9. Qd2 cxd5 10. cxd5 Nc7 11. Nc1 Nfe8 12. Nb3 f5 13. O-O-O Nf6 14. Be2 fxe4 15.
fxe4 b5 16. Bf3 Bd7 17. Kb1 b4 18. Ne2 Qb8 1/2-1/2